A ilha do tesouro (Registo nº 1754)

Detalhes MARC
000 -Etiqueta do registo
Cabeçalho 00839nam a22002891 4500
005 - Identificador da versão
Campo de controlo 20240813121915.0
095 ## -
-- PTBN00339313
021 ## - Número do Depósito Legal
Código do país PT
Número 40418/90
100 ## - Dados gerais de processamento
Dados gerais de processamento 20070502d1991 cday0pory5003 ba
102 ## - Pais de publicação ou produção
País de publicação Portugal
101 1# - Língua de publicação
Língua do texto, banda sonora, etc. Português
106 ## - Campo de dados codificados: material textual
Dados codificados do material textual r
105 ## - Campo de dados codificados: livros
Dados codificados dos livros a t 000zy
215 ## - Descrição física 
Indicação específica da natureza do documento e extensão da espécie 40 p.
Outras indicações físicas todo il.
Dimensões 30 cm
200 1# - Titulo e menção de responsabilidade
Título próprio A ilha do tesouro
Primeira menção de responsabilidade adapt. e il. Fernando Bento
Outras menções de responsabilidade de Robert-Louis Stevenson
225 2# - Colecção 
Título próprio da colecção Clássicos da BD portuguesa
205 ## - Menção da edição
Menção da edição 1ª ed
210 ## - Publicação, Distribuição, etc. 
Lugar da edição, distribuição, etc. Porto
Nome do editor, distribuidor, etc. Asa
Data da publicação, distribuição, etc. 1991
606 ## - Nome comum usado como assunto
Número de registo de entrada de autoridade 0000226
Palavra de ordem Literatura estrangeira infanto-juvenil
Subdivisão de assunto Banda desenhada
675 ## - Classificação Decimal Universal (CDU)
Notação 82-9
Edição
Língua da edição por
702 #1 - Nome de autor-pessoa física (responsabilidade secundária)
Número de registo de entrada de autoridade 0000239
Palavra de ordem Stevenson
Outra parte do nome não tomada para palavra de ordem Robert-Louis
Datas 1850-1894
Código de função Antecedente bibliográfico
700 #1 - Nome de autor-pessoa física (responsabilidade principal)
Número de registo de entrada de autoridade 0000237
Palavra de ordem Bento
Outra parte do nome não tomada para palavra de ordem Fernando
Datas 1910-
942 ## - Elementos de entrada adicionados (Koha)
Tipo de item no Koha Livro
Exemplares
Situação do levantamento Origin of item (home branch) (coded) Biblioteca de empréstimo Código de barras Cota Circulation type (not for loan) Tipo de documento Nota do exemplar Damaged status
  Biblioteca Escolar da Coca Maravilhas Biblioteca Escolar da Coca Maravilhas BECM3924/98 8BD BEN   Livro Sem mensagem